| 000 | 01286cam a2200361 i 4500 | ||
|---|---|---|---|
| 001 | 21668306 | ||
| 005 | 20250312130352.0 | ||
| 008 | 200813s2020 pk b 001 0 eng | ||
| 010 | _a 2020373827 | ||
| 020 | _a9789694487885 | ||
| 037 | _bLibrary of Congress -- Islamabad Overseas Office | ||
| 040 |
_aDLC _beng _erda _cDLC |
||
| 041 |
_aeng _aara |
||
| 042 |
_alcode _apcc |
||
| 050 | 0 | 0 |
_aKBP858 _b.M367 2020 |
| 066 | _c(3 | ||
| 082 |
_a346.02 _bMAN |
||
| 100 | 1 |
_aManṣūrī, Muḥammad T̤āhir, _eauthor. _9110048 |
|
| 245 | 1 | 0 |
_aIslamic law of contract : _bapplications in Islamic finance / _cDr. Muhammad Tahir Mansoori |
| 264 | 1 |
_aIslamabad : _bInstitute of Policy Studies, _c2020. |
|
| 300 |
_axxv, 525 pages ; _c23 cm |
||
| 336 |
_atext _btxt _2rdacontent |
||
| 337 |
_aunmediated _bn _2rdamedia |
||
| 338 |
_avolume _bnc _2rdacarrier |
||
| 504 | _aIncludes bibliographical references (pages 497-510) and index. | ||
| 546 | _aIn English; includes citations in Arabic. | ||
| 650 | 0 |
_aContracts (Islamic law) _9128241 |
|
| 650 | 0 |
_aFinance (Islamic law) _9128242 |
|
| 710 | 2 |
_aInstitute of Policy Studies (Islāmābād, Pakistan), _epublisher. _96598 |
|
| 906 |
_a7 _bcbc _corigode _d2 _encip _f20 _gy-gencatlg |
||
| 942 |
_2ddc _cBK |
||
| 999 |
_c613281 _d613281 |
||